Full Members' Cup Winners - Statistics

General Stats
  • This quiz has been taken 162 times
    59 since last reset
  • The average score is 3 of 5
Answer Stats
Winners % Correct
Chelsea
89%
Blackburn Rovers
57%
Nottingham Forest
57%
Crystal Palace
50%
Reading
48%
No matching quizzes found
Score Distribution
Percent of People with Each Score
Percentile by Number Answered
Your Score History
You have not taken this quiz since the last reset